<?xml version="1.0" encoding="UTF-8"?>
<collection xmlns="http://www.loc.gov/MARC21/slim">
 <record>
  <leader>01256pamaa2200217   4500</leader>
  <controlfield tag="001">0000044985</controlfield>
  <controlfield tag="005">20130117090000.0</controlfield>
  <controlfield tag="008">090323                             eng  </controlfield>
  <datafield tag="020" ind1="0" ind2="0">
   <subfield code="a">9780070171770 / 0070171777 (pbk.) </subfield>
  </datafield>
  <datafield tag="090" ind1="0" ind2="0">
   <subfield code="a">HM1211 </subfield>
   <subfield code="b">MAR 2010</subfield>
  </datafield>
  <datafield tag="100" ind1="1" ind2="0">
   <subfield code="a">Martin </subfield>
  </datafield>
  <datafield tag="245" ind1="1" ind2="0">
   <subfield code="a">Intercultural communication in contexts  </subfield>
   <subfield code="c">Judith Martin, Thomas Nakayama.</subfield>
  </datafield>
  <datafield tag="250" ind1="0" ind2="0">
   <subfield code="a">5th ed.</subfield>
  </datafield>
  <datafield tag="260" ind1="0" ind2="0">
   <subfield code="a">New York: </subfield>
   <subfield code="b">McGraw-Hill Higher Education, </subfield>
   <subfield code="c">2010.</subfield>
  </datafield>
  <datafield tag="300" ind1=" " ind2=" ">
   <subfield code="a">xxix, 500p (C-1 - I-25p): </subfield>
   <subfield code="b">ill.; </subfield>
   <subfield code="c">24 cm.</subfield>
  </datafield>
  <datafield tag="500" ind1="0" ind2="0">
   <subfield code="a">Why study intercultural communication? -- The history of the study of intercultural communication -- Culture, communication, context, and power -- History and intercultural communication -- Identity and intercultural communication -- Language and intercultural communication -- Nonverbal codes and cultural space -- Understanding  intercultural transitions -- Popular culture and intercultural communication -- Culture, communication, and intercultural relationships -- Culture, communication, and conflict -- Striving for engaged and effective intercultural communication</subfield>
  </datafield>
  <datafield tag="501" ind1="0" ind2="0">
   <subfield code="a">BBELI</subfield>
  </datafield>
  <datafield tag="504" ind1="0" ind2="0">
   <subfield code="a">Includes bibliographical references</subfield>
  </datafield>
  <datafield tag="650" ind1="0" ind2="0">
   <subfield code="a">Intercultural communication </subfield>
  </datafield>
  <datafield tag="700" ind1="1" ind2="1">
   <subfield code="a">Nakayama, </subfield>
   <subfield code="h">Thomas K. </subfield>
  </datafield>
  <datafield tag="901" ind1=" " ind2=" ">
   <subfield code="u">www.mhhe.com</subfield>
  </datafield>
 </record>
</collection>
